00426nam a2200157Ia 450000500170000000800460001702000180006303700120008104000200009304100130011308400190012610000220014524500350016726000560020230000100025820250508162838.0008 250505s9999 xx 000 0 eng d a81-7100-295-1 aTextual aFEDLbengcFEDL aeng2eng a374, MOHqFEDL aMohanty Jagannath 0aAdult and non-formal education aNew Delhi, India bDeep and Deep Publicationsc1991 a315p.